El Tíbet y la República Popular de China : informe presentado a la Comisión Internacional de Juristas /

Guardat en:
Dades bibliogràfiques
Autor corporatiu: Comité de Encuesta Jurídica sobre el Tíbet
Format: Llibre
Idioma:espanyol
Publicat: Ginebra, Suiza : Comisión Internacional de Juristas, 1960
Etiquetes: Afegir etiqueta
Sense etiquetes, Sigues el primer a etiquetar aquest registre!

MARC

LEADER 00000nam^a2200000^a^4500
001 000432186
005 20250526000000.0
009 20260310123008.295
037 |a Acervo ITESO - Biblioteca 
041 |a ESP 
091 |a FHM. 05903 
110 |a Comité de Encuesta Jurídica sobre el Tíbet 
245 1 3 |a El Tíbet y la República Popular de China :  |b informe presentado a la Comisión Internacional de Juristas / 
264 1 |a Ginebra, Suiza :  |b Comisión Internacional de Juristas,  |c 1960 
300 |a XIII, 357 p. ;  |c 23.0 cm. 
336 |a texto  |b txt  |2 rdacontenido 
337 |a sin mediación  |b n  |2 rdamedio 
338 |a volumen  |b nc  |2 rdasoporte 
649 |a XX 
910 |a Fondo Hugo B. Margáin 
920 |a Impresos - Libros 
930 |a Libros Antiguos y Raros 
905 |a 126 
901 |a 0500315595  |b IT2  |c LRA  |i D106927  |u 20250526 
902 |a https://opac.biblio.iteso.mx/vufind/Record/000432186